[Event "7. Lichtenberger Sommer"]
[Site "Berlin"]
[Date "2008.08.17"]
[Round "2.1"]
[White "Exler, Veronika"]
[Black "Rabiega, Robert"]
[Result "0-1"]
[WhiteElo "2011"]
[BlackElo "2552"]
[PlyCount "44"]
[EventDate "2008.??.??"]
[WhiteTeam "SC Donaustadt Wien"]
[BlackTeam "SK König Tegel 1949 e.V."]

1. e4 c5 2. f4 e6 3. Nf3 d5 4. Bb5+ Nd7 5. exd5 exd5 6. d4 Ngf6 7. Nc3 Be7 8.
dxc5 O-O 9. Bxd7 Bxd7 10. Be3 Ng4 11. Bd4 Bh4+ 12. Nxh4 Qxh4+ 13. g3 Qh3 14.
Kd2 Rfe8 15. Qf1 Qh6 16. h3 Ne5 17. Re1 Nc6 18. Rxe8+ Rxe8 19. Ne2 Bf5 20. c3
Qe6 21. g4 Bb1 22. Kc1 Bd3 0-1

[Event "7. Lichtenberger Sommer"]
[Site "Berlin"]
[Date "2008.08.17"]
[Round "2.2"]
[White "Meister, Jakob"]
[Black "Koch, Friedrich"]
[Result "1-0"]
[WhiteElo "2487"]
[BlackElo "2063"]
[PlyCount "41"]
[EventDate "2008.??.??"]
[WhiteTeam "SK Zehlendorf e.V."]
[BlackTeam "SV Empor Berlin e.V."]

1. c4 Nf6 2. d4 e6 3. Nc3 d5 4. cxd5 exd5 5. Bg5 Be7 6. e3 Nbd7 7. Bd3 O-O 8.
Nge2 Re8 9. Ng3 Nf8 10. O-O c6 11. Qc2 h6 12. Bxf6 Bxf6 13. b4 a6 14. Na4 Qc7
15. Nc5 b6 16. Nb3 Bb7 17. a4 Ne6 18. a5 g6 19. axb6 Qxb6 20. Ra5 Ra7 21. Bxg6
1-0

[Event "7. Lichtenberger Sommer"]
[Site "Berlin"]
[Date "2008.08.17"]
[Round "2.3"]
[White "Kornrumpf, Joachim"]
[Black "Kraemer, Martin"]
[Result "0-1"]
[WhiteElo "2121"]
[BlackElo "2456"]
[PlyCount "112"]
[EventDate "2008.??.??"]
[WhiteTeam "Preetzer TSV"]
[BlackTeam "Sfrd. Berlin 1903 e.V."]

1. b3 Nf6 2. Bb2 d5 3. e3 Bf5 4. Nf3 e6 5. Be2 h6 6. O-O Be7 7. c4 O-O 8. d4
Nbd7 9. Nbd2 c6 10. Rc1 a5 11. a3 Qb8 12. Re1 Rd8 13. Nf1 Bd6 14. Bd3 Bxd3 15.
Qxd3 Ne4 16. N3d2 f5 17. f3 Nxd2 18. Qxd2 Nf6 19. Qd3 Qc7 20. cxd5 Nxd5 21. Qc4
Qf7 22. Rc2 Rf8 23. Rf2 Rae8 24. Qc2 Qe7 25. Qc1 Kh8 26. Nd2 Qh4 27. Nf1 Qg5
28. Kh1 Qd8 29. Qc2 Qc7 30. Qd2 Qb6 31. Qc2 e5 32. Rfe2 e4 33. f4 Qc7 34. g3 g5
35. Rg2 Qe7 36. Qc1 Rc8 37. Nd2 b5 38. Nb1 Kh7 39. Rc2 Qe8 40. Qd2 Qh5 41. Qe2
Qxe2 42. Rexe2 c5 43. dxc5 Bxc5 44. Nc3 Nxe3 45. Rcd2 Rfd8 46. Nxb5 Nd5 47.
fxg5 hxg5 48. Nd4 e3 49. Rc2 Bxd4 50. Bxd4 f4 51. Kg2 g4 52. Kg1 f3 53. Rxc8
fxe2 54. Rc1 Nf4 55. Bxe3 Nh3+ 56. Kg2 Rd1 0-1

[Event "7. Lichtenberger Sommer"]
[Site "Berlin"]
[Date "2008.08.17"]
[Round "2.4"]
[White "Kalinitschew, Sergey"]
[Black "Werner, Michael"]
[Result "1-0"]
[WhiteElo "2456"]
[BlackElo "2106"]
[PlyCount "55"]
[EventDate "2008.??.??"]
[WhiteTeam "SC Kreuzberg e.V."]
[BlackTeam "Schachgesellschaft Benrath 1924"]

1. d4 Nf6 2. c4 g6 3. g3 Bg7 4. Bg2 O-O 5. Nc3 d6 6. Nf3 Nc6 7. O-O a6 8. h3
Rb8 9. Be3 b5 10. Nd2 Bb7 11. d5 Ne5 12. b3 c5 13. f4 Ned7 14. Rc1 bxc4 15.
Nxc4 Nb6 16. Nxb6 Qxb6 17. Bf2 Qa5 18. Na4 Bc8 19. Be1 Qd8 20. e4 Bd7 21. Nc3
Ne8 22. Kh2 Nc7 23. e5 Nb5 24. Ne4 Bf5 25. Ng5 dxe5 26. fxe5 Bxe5 27. Rxf5 gxf5
28. Qh5 1-0

[Event "7. Lichtenberger Sommer"]
[Site "Berlin"]
[Date "2008.08.17"]
[Round "2.5"]
[White "Roth, Joachim"]
[Black "Richter, Michael"]
[Result "0-1"]
[WhiteElo "1861"]
[BlackElo "2422"]
[PlyCount "132"]
[EventDate "2008.??.??"]
[WhiteTeam "SG Bund"]
[BlackTeam "SC Kreuzberg e.V."]

1. d4 e6 2. Nf3 d5 3. e3 Nf6 4. Bd3 Bd6 5. O-O O-O 6. Nbd2 c5 7. c3 Nc6 8. Qe2
Qc7 9. dxc5 Bxc5 10. e4 Bd6 11. Re1 Ng4 12. h3 Nge5 13. Bb1 Bd7 14. Nxe5 Nxe5
15. Nf3 Rae8 16. Nd4 dxe4 17. Bxe4 a6 18. Qh5 f5 19. Bc2 Nc6 20. Bb3 Nxd4 21.
cxd4 g6 22. Qd1 f4 23. f3 Qb6 24. Kh1 Rf5 25. Bd2 Kf7 26. Bc3 Bc6 27. Qd2 Bd5
28. Ba5 Qb5 29. Bxd5 Rxd5 30. Bc3 Qd7 31. Qe2 Qb5 32. Qxb5 Rxb5 33. Re4 g5 34.
Rae1 Rd5 35. R1e2 Bf8 36. a3 Bg7 37. g3 fxg3 38. Kg2 Bf6 39. Kxg3 b6 40. f4
gxf4+ 41. Rxf4 Rg8+ 42. Kf3 Rg6 43. Rg2 Rh6 44. Rh2 a5 45. Ke4 Ke7 46. Rhf2 Bg5
47. Rf7+ Kd6 48. R2f3 Rh4+ 49. Kd3 e5 50. R3f5 Rxh3+ 51. Kc2 exd4 52. Bxd4 Rxf5
53. Rxf5 Bd8 54. Rf8 Kd7 55. Rg8 b5 56. Bc3 a4 57. Rg7+ Kc6 58. Rg2 Bc7 59. Rg5
h5 60. Rg6+ Kd5 61. Rg8 h4 62. Kd2 Rg3 63. Rh8 h3 64. Rh5+ Ke4 65. Ke2 h2 66.
Rh4+ Bf4 0-1

[Event "7. Lichtenberger Sommer"]
[Site "Berlin"]
[Date "2008.08.17"]
[Round "2.6"]
[White "Figura, Atila Gajo"]
[Black "Sabrowski, Uwe"]
[Result "0-1"]
[WhiteElo "2407"]
[BlackElo "2142"]
[PlyCount "55"]
[EventDate "2008.??.??"]
[WhiteTeam "SC Kreuzberg e.V."]
[BlackTeam "TSG Oberschöneweide e.V."]

1. d4 Nf6 2. c4 g6 3. Nc3 Bg7 4. e4 d6 5. Nf3 O-O 6. Be2 e5 7. O-O Nc6 8. d5
Ne7 9. Kh1 Ne8 10. Qb3 f5 11. Ng5 b6 12. exf5 Nxf5 13. Nge4 Nd4 14. Qd1 Bf5 15.
Bd3 h6 16. f3 Kh7 17. Be3 Nf6 18. g4 Bd7 19. Ng3 Ng8 20. Kg2 Qh4 21. h3 Rf7 22.
Qb1 Ne7 23. Nge4 Ng8 24. Nxd6 cxd6 25. Bxg6+ Kh8 26. Bxf7 Ne7 27. Ne4 Rf8 28.
Bf2 0-1

[Event "7. Lichtenberger Sommer"]
[Site "Berlin"]
[Date "2008.08.17"]
[Round "2.7"]
[White "Ozeran, Volodymyr"]
[Black "Thinius, Marco"]
[Result "1/2-1/2"]
[WhiteElo "1967"]
[BlackElo "2387"]
[PlyCount "81"]
[EventDate "2008.??.??"]
[WhiteTeam "SK Dessau 93 e. V."]
[BlackTeam "Sfrd. Berlin 1903 e.V."]

1. f4 d5 2. b3 Bg4 3. Bb2 e6 4. g3 Nf6 5. Bg2 Nbd7 6. Nf3 Bc5 7. e3 c6 8. Qe2
a5 9. a4 O-O 10. h3 Bh5 11. g4 Bg6 12. d3 Qb6 13. Kf2 Rfe8 14. Re1 Qc7 15. Ne5
Bd6 16. Nxd7 Nxd7 17. Nd2 c5 18. Qf3 f5 19. Re2 Re7 20. Kg1 Rf8 21. g5 Bf7 22.
Rf1 Qb8 23. c4 Qe8 24. Qf2 b6 25. d4 Nb8 26. Ra1 Nc6 27. Nf3 Nb4 28. Rd2 Qb8
29. Bf1 Rd8 30. Bc3 cxd4 31. Bxd4 Qb7 32. Ne5 Be8 33. h4 Nc6 34. Nf3 Bb4 35.
Rdd1 Nxd4 36. Nxd4 dxc4 37. Bxc4 Bf7 38. Nf5 Rxd1+ 39. Rxd1 Rd7 40. Rxd7 Qxd7
41. Nd4 1/2-1/2

[Event "7. Lichtenberger Sommer"]
[Site "Berlin"]
[Date "2008.08.17"]
[Round "2.8"]
[White "Von Herman, Ulf"]
[Black "Mielke, Norman"]
[Result "1-0"]
[WhiteElo "2374"]
[BlackElo "2035"]
[PlyCount "95"]
[EventDate "2008.??.??"]
[WhiteTeam "SK König Tegel 1949 e.V."]
[BlackTeam "Schachgemeinschaft  Wedding e.V."]

1. d4 d5 2. c4 dxc4 3. Nf3 e6 4. Qa4+ Nc6 5. g3 Qd5 6. Nc3 Bb4 7. Bg2 Qa5 8.
Qc2 Bxc3+ 9. bxc3 Nge7 10. O-O Ng6 11. a4 O-O 12. Rb1 Rb8 13. Rb5 Qa6 14. h4
Bd7 15. h5 Nge7 16. Ng5 f5 17. h6 Nd8 18. hxg7 Kxg7 19. Ba3 Re8 20. Bxe7 Rxe7
21. Rb4 h6 22. Nh3 Nc6 23. Rbb1 Rf7 24. Nf4 Ne7 25. Rb4 c6 26. e4 b5 27. Nh5+
Kh7 28. Re1 Qc8 29. Rbb1 a6 30. Re2 Ng6 31. exf5 exf5 32. Rbe1 Qf8 33. d5 cxd5
34. Bxd5 Re7 35. Be6 Rb6 36. Bxd7 Rxd7 37. axb5 axb5 38. Re6 Rxe6 39. Rxe6 Rd3
40. Qa2 Rd1+ 41. Kh2 Qc5 42. Qe2 Ra1 43. Qf3 Ra7 44. Rf6 Re7 45. Rxf5 Ne5 46.
Qf4 Qd6 47. Rf6 Qxf6 48. Nxf6+ 1-0

[Event "7. Lichtenberger Sommer"]
[Site "Berlin"]
[Date "2008.08.17"]
[Round "2.10"]
[White "Wendt, Jan-Dietrich"]
[Black "Buehler, Florian"]
[Result "1-0"]
[WhiteElo "2372"]
[BlackElo "1992"]
[PlyCount "207"]
[EventDate "2008.??.??"]
[WhiteTeam "Sfrd. Berlin 1903 e.V."]
[BlackTeam "Spgem Kötz/Ichenhausen"]

1. Nf3 f5 2. c4 Nf6 3. g3 g6 4. b4 Bg7 5. Bb2 O-O 6. Bg2 d6 7. d4 c6 8. Qb3 h6
9. O-O Be6 10. Nbd2 Bf7 11. a4 Nbd7 12. Rfd1 d5 13. Ne5 e6 14. Ndf3 Nxe5 15.
dxe5 Nd7 16. Bd4 Qc7 17. Qc3 Nb6 18. Nd2 Nd7 19. cxd5 Bxe5 20. dxc6 bxc6 21.
Nf3 Bd6 22. Bg7 Rfd8 23. Bxh6 e5 24. Rac1 Rac8 25. Ng5 Nf6 26. Nxf7 Qxf7 27.
Bg5 Kg7 28. Bxc6 Qe7 29. b5 Qf8 30. h4 Ne4 31. Bxe4 Rxc3 32. Rxc3 Be7 33. Rxd8
Qxd8 34. Rd3 Qc7 35. Bc6 Bd6 36. Kg2 Kf7 37. a5 Kf8 38. a6 f4 39. gxf4 exf4 40.
Rf3 Kg7 41. e3 fxe3 42. Rxe3 Qc8 43. Re4 Bc5 44. Bf4 Qf5 45. Bg3 Bb6 46. Re7+
Kg8 47. Rb7 Qc5 48. Rd7 Qf5 49. Re7 Qc5 50. Re5 Qd4 51. Re6 Qd3 52. Rd6 Qf5 53.
Rd5 Qe4+ 54. Kh2 Qe2 55. Re5 Qd2 56. Kg2 Qd4 57. Re4 Qc5 58. Rg4 Kf7 59. Rg5
Qb4 60. Bd5+ Kf6 61. Bf3 Kf7 62. Bd5+ Kf6 63. Bc6 Kf7 64. Re5 Kf6 65. Re8 Kf7
66. Rb8 Qd4 67. Rb7+ Kf6 68. Rh7 Qc5 69. Rd7 Ke6 70. Rd3 Kf7 71. Rd6 Kg7 72.
Be8 Qf5 73. Bxg6 Qxb5 74. Bd3 Qc5 75. Be4 Qb5 76. Bb7 Qc5 77. Rd5 Qc4 78. Rg5+
Kf6 79. Rd5 Qe4+ 80. Kh2 Qb4 81. Rd6+ Ke7 82. Rd3 Kf6 83. Kg2 Bc5 84. Rf3+ Ke6
85. Rf4 Qc3 86. h5 Qh8 87. Re4+ Kd7 88. Re5 Bd4 89. Rd5+ Ke7 90. Rf5 Ke6 91.
Rf4 Bc5 92. Re4+ Kd7 93. Rc4 Bb6 94. Rc6 Qb2 95. h6 Bd4 96. Rc7+ Ke6 97. h7 Kf5
98. Rd7 Bf6 99. Bf3 Kg6 100. Be4+ Kh6 101. Rxa7 Qb6 102. h8=Q+ Bxh8 103. Rh7+
Kg5 104. a7 1-0

[Event "7. Lichtenberger Sommer"]
[Site "Berlin"]
[Date "2008.08.17"]
[Round "2.11"]
[White "Grassi, Fabrizio"]
[Black "Muse, Drazen"]
[Result "0-1"]
[WhiteElo "1960"]
[BlackElo "2369"]
[PlyCount "90"]
[EventDate "2008.??.??"]
[WhiteTeam "SV Berlin-Friedrichstadt"]
[BlackTeam "SK König Tegel 1949 e.V."]

1. d4 d6 2. Bf4 g6 3. Nf3 Bg7 4. e3 Nd7 5. h3 e5 6. Bh2 Ne7 7. Be2 O-O 8. O-O
b6 9. a4 a6 10. c4 a5 11. Nc3 Bb7 12. Rc1 Nc6 13. Nb5 Re8 14. Re1 h6 15. Bg3
Re7 16. Qc2 Nb4 17. Qd1 Rc8 18. Na7 Rb8 19. Nb5 Bc6 20. Na7 Bxf3 21. Bxf3 exd4
22. exd4 Rxe1+ 23. Qxe1 Bxd4 24. Qd2 Bg7 25. Nb5 Nc5 26. Rd1 Nxa4 27. Nxc7 Qxc7
28. Bxd6 Qa7 29. Bxb8 Qxb8 30. Qd7 Nc5 31. Qe7 Qf4 32. Rd8+ Kh7 33. Qe8 h5 34.
Qg8+ Kh6 35. Qe8 h4 36. Qe2 Ne6 37. Rd1 Nd4 38. Qe3 Nxf3+ 39. gxf3 Qxe3 40.
fxe3 Bxb2 41. Rd6 Bc1 42. Kf2 Nc2 43. Rd3 Bxe3+ 44. Rxe3 Nxe3 45. Kxe3 Kg5 0-1

[Event "7. Lichtenberger Sommer"]
[Site "Berlin"]
[Date "2008.08.17"]
[Round "2.12"]
[White "Bruchmann, Stephan"]
[Black "Graudons, Karsten"]
[Result "1-0"]
[WhiteElo "2292"]
[BlackElo "1999"]
[PlyCount "77"]
[EventDate "2008.??.??"]
[WhiteTeam "Sfrd. Berlin 1903 e.V."]
[BlackTeam "USV Potsdam e.V., Abt. Schach"]

1. e4 c5 2. Nf3 e6 3. d4 cxd4 4. Nxd4 a6 5. Bd3 Nc6 6. Nxc6 bxc6 7. O-O d5 8.
Nd2 Nf6 9. Qe2 Be7 10. b3 O-O 11. Bb2 Bb7 12. Rfe1 Qc7 13. Qf3 Nd7 14. exd5
cxd5 15. Qh3 g6 16. Nf3 Bf6 17. Bxf6 Nxf6 18. Qh6 Rae8 19. Ne5 Ne4 20. Nf3 f5
21. c4 dxc4 22. Bxc4 Bd5 23. Rac1 Qb6 24. Qe3 Qxe3 25. Rxe3 Rc8 26. Ne5 Rc7 27.
Rce1 Bxc4 28. Nxc4 Re8 29. f3 Nc5 30. Rd1 Kg7 31. Rd6 Kf6 32. h3 Ree7 33. Rd8
Red7 34. Rf8+ Rf7 35. Rxf7+ Kxf7 36. Rc3 Kf6 37. Nb2 Ke5 38. b4 Kd4 39. Rc4+
1-0

[Event "7. Lichtenberger Sommer"]
[Site "Berlin"]
[Date "2008.08.17"]
[Round "2.13"]
[White "Plump, Detlef"]
[Black "Kuehnemund, Lutz"]
[Result "1-0"]
[WhiteElo "2263"]
[BlackElo "1920"]
[PlyCount "81"]
[EventDate "2008.??.??"]
[WhiteTeam "Chessclub York"]
[BlackTeam "SC Friesen Lichtenberg e.V."]

1. e4 e6 2. d4 d5 3. Nc3 Bb4 4. e5 c5 5. a3 Bxc3+ 6. bxc3 Ne7 7. Nf3 b6 8. Bb5+
Bd7 9. Bd3 Bc8 10. O-O Ba6 11. a4 Bxd3 12. cxd3 O-O 13. a5 Nd7 14. Bg5 Re8 15.
Qa4 Qc7 16. Bxe7 Rxe7 17. axb6 Nxb6 18. Qa3 c4 19. Rfd1 cxd3 20. Rxd3 Nc4 21.
Qc1 Qd8 22. Ne1 Rb7 23. Rg3 Kh8 24. Nd3 a5 25. Nf4 Qh4 26. Rh3 Qg5 27. Rh5 Qd8
28. Qc2 Qg8 29. Nh3 Rb2 30. Qd3 g6 31. Rh4 a4 32. Ng5 Qg7 33. Qf3 Rab8 34. g4
Rb1+ 35. Rxb1 Rxb1+ 36. Kg2 Kg8 37. Rxh7 Qxh7 38. Nxh7 Kxh7 39. Qxf7+ Kh6 40.
h4 a3 41. h5 1-0

[Event "7. Lichtenberger Sommer"]
[Site "Berlin"]
[Date "2008.08.17"]
[Round "2.14"]
[White "Bruedigam, Martin"]
[Black "Keusch, Horst"]
[Result "1-0"]
[WhiteElo "2218"]
[BlackElo "1925"]
[PlyCount "115"]
[EventDate "2008.??.??"]
[WhiteTeam "USV Potsdam e.V., Abt. Schach"]
[BlackTeam "SC Friesen Lichtenberg e.V."]

1. d4 Nf6 2. c4 e6 3. Nc3 Bb4 4. Qc2 d5 5. a3 Be7 6. cxd5 exd5 7. Bg5 Be6 8. e3
Nbd7 9. Nf3 h6 10. Bh4 c6 11. Bd3 O-O 12. O-O Re8 13. Na4 Ne4 14. Bxe7 Rxe7 15.
Nc5 Ndxc5 16. dxc5 Bf5 17. Nd4 Bh7 18. Bxe4 Bxe4 19. Qc3 Qc7 20. b4 Rae8 21.
Rae1 Re5 22. f3 Bg6 23. g3 Qd7 24. Kg2 Rh5 25. Rf2 Qh3+ 26. Kg1 Rhe5 27. Rg2
Qd7 28. a4 a6 29. Rb2 Qe7 30. Rb3 Rc8 31. Rc1 Re8 32. Re1 Rc8 33. Qd2 f6 34.
Rc1 Re8 35. Rcc3 Qd7 36. Kg2 Ra8 37. Rb2 Rae8 38. b5 axb5 39. axb5 Ra8 40. b6
Qe8 41. Rbb3 Kh7 42. Ra3 Rxa3 43. Rxa3 Qe7 44. Qc1 Qd7 45. Ne2 Bf5 46. Kf2 g5
47. Nd4 Bg6 48. g4 f5 49. h3 fxg4 50. hxg4 Re7 51. Qg1 Rf7 52. Qg3 Qe7 53. Ra8
Be4 54. Qb8 Rg7 55. Qh8+ Kg6 56. Nxc6 bxc6 57. Ra7 Qf6 58. Qxg7+ 1-0

[Event "7. Lichtenberger Sommer"]
[Site "Berlin"]
[Date "2008.08.17"]
[Round "2.15"]
[White "Gohlke, Herbert"]
[Black "Struk, Jerzy"]
[Result "0-1"]
[WhiteElo "2089"]
[BlackElo "2164"]
[PlyCount "54"]
[EventDate "2008.??.??"]
[WhiteTeam "SG Lok Brandenburg, Abt. Schach"]

1. e4 c5 2. f4 d5 3. e5 Nc6 4. Nf3 Bg4 5. Be2 e6 6. O-O f6 7. exf6 Nxf6 8. Ne5
Bxe2 9. Nxc6 Bxd1 10. Nxd8 Bg4 11. Nxb7 a5 12. d4 cxd4 13. Bd2 a4 14. Na5 Kd7
15. b4 Ne4 16. a3 h5 17. c4 Rxa5 18. bxa5 dxc4 19. Bb4 Kc6 20. h3 Bf5 21. Rd1
Bc5 22. Nd2 Nxd2 23. Rxd2 c3 24. Rc1 Kb5 25. Rdd1 c2 26. Re1 Bxb4 27. axb4 d3
0-1

[Event "7. Lichtenberger Sommer"]
[Site "Berlin"]
[Date "2008.08.17"]
[Round "2.16"]
[White "Niehaus, Frank"]
[Black "Richter, Goetz"]
[Result "1-0"]
[WhiteElo "2185"]
[BlackElo "1997"]
[PlyCount "65"]
[EventDate "2008.??.??"]
[WhiteTeam "Sfrd. Berlin 1903 e.V."]
[BlackTeam "Klub Kölner Schachfreunde e.V. 1"]

1. e4 c5 2. Nf3 d6 3. d4 cxd4 4. Nxd4 Nf6 5. Nc3 Nc6 6. Bg5 e6 7. Qd2 a6 8.
O-O-O Bd7 9. f4 Be7 10. Nf3 b5 11. Bxf6 gxf6 12. Kb1 Qb6 13. f5 O-O-O 14. g3
Kb8 15. fxe6 fxe6 16. Bh3 Bc8 17. Rhf1 h5 18. Ne2 d5 19. exd5 Rxd5 20. Qc1 Rxd1
21. Qxd1 e5 22. Bxc8 Rxc8 23. Nc3 Nb4 24. Nd5 Nxd5 25. Qxd5 Rd8 26. Qe4 Qf2 27.
Rc1 Kc7 28. a3 Rd6 29. Nh4 Kd7 30. Nf5 Ke6 31. Nxd6 Bxd6 32. Rd1 Qc5 33. Qg6
1-0

[Event "7. Lichtenberger Sommer"]
[Site "Berlin"]
[Date "2008.08.17"]
[Round "2.17"]
[White "Berendsen, Markus"]
[Black "Rohde, Wolfgang"]
[Result "0-1"]
[WhiteElo "2123"]
[BlackElo "2198"]
[PlyCount "54"]
[EventDate "2008.??.??"]
[WhiteTeam "Oberhausen Schachverein 1887 e.V"]
[BlackTeam "SC Friesen Lichtenberg e.V."]

1. Nf3 c5 2. c4 b6 3. g3 Bb7 4. Bg2 Nf6 5. O-O g6 6. Nc3 Bg7 7. d4 cxd4 8. Nxd4
Bxg2 9. Kxg2 Qc8 10. b3 Qb7+ 11. Kg1 h5 12. h4 Nc6 13. Bb2 O-O 14. Rb1 Ne5 15.
Re1 d5 16. cxd5 Nxd5 17. e4 Nb4 18. Re2 Rfd8 19. Rd2 Nbd3 20. Nf3 Nxf3+ 21.
Qxf3 Nxb2 22. Rbxb2 Qc7 23. Rdc2 Qe5 24. Nd1 Rd4 25. Nc3 Rad8 26. Na4 Rd1+ 27.
Kg2 Qb5 0-1

[Event "7. Lichtenberger Sommer"]
[Site "Berlin"]
[Date "2008.08.17"]
[Round "2.18"]
[White "Plicka, Jiri"]
[Black "Gebigke, Martin"]
[Result "0-1"]
[WhiteElo "1941"]
[BlackElo "2151"]
[PlyCount "78"]
[EventDate "2008.??.??"]
[WhiteTeam "SK Libehrad Libcice"]
[BlackTeam "SV Berolina Mitte e.V."]

1. c4 e5 2. Nc3 Nf6 3. g3 c6 4. Bg2 d5 5. cxd5 cxd5 6. d3 Nc6 7. Bg5 Be6 8. Nf3
Be7 9. O-O O-O 10. Qa4 d4 11. Bxf6 Bxf6 12. Ne4 Be7 13. Rfc1 Qb6 14. Rab1 a5
15. Ned2 f6 16. Nc4 Qa6 17. Qd1 b5 18. Ncd2 Bxa2 19. Ra1 Bd5 20. Nh4 Bxg2 21.
Nxg2 a4 22. Nh4 g6 23. Ne4 Qb6 24. Nf3 Na5 25. Ned2 Qe6 26. Rc7 Bd6 27. Rc2
Rfc8 28. Rac1 Rxc2 29. Qxc2 f5 30. e3 dxe3 31. fxe3 Rf8 32. d4 exd4 33. exd4
Qd5 34. Qc3 b4 35. Qe3 f4 36. gxf4 Bxf4 37. Qd3 Bxd2 38. Nxd2 Qg5+ 39. Kh1 Rf2
0-1

[Event "7. Lichtenberger Sommer"]
[Site "Berlin"]
[Date "2008.08.17"]
[Round "2.19"]
[White "Rietze, Clemens"]
[Black "Oswald, Michael"]
[Result "1-0"]
[WhiteElo "2128"]
[BlackElo "2123"]
[PlyCount "83"]
[EventDate "2008.??.??"]
[WhiteTeam "ESV Lok Falkenberg e.V."]
[BlackTeam "1. Schachclub Anhalt"]

1. d4 f5 2. Nc3 Nf6 3. Bg5 e6 4. e4 fxe4 5. Nxe4 Be7 6. Bxf6 Bxf6 7. Nf3 O-O 8.
Bd3 d5 9. Ng3 Nc6 10. O-O g6 11. Bb5 Qd6 12. Re1 Bd7 13. Bxc6 bxc6 14. c3 Rab8
15. b4 c5 16. dxc5 Qf4 17. Ne2 Qc4 18. Qb3 Qg4 19. Ned4 c6 20. h3 Qh5 21. Nxe6
Rf7 22. Re3 Be7 23. Nfd4 Bh4 24. Rf1 Bxe6 25. Rxe6 Rbf8 26. f3 Qg5 27. Qd1 Bg3
28. Ne2 Be5 29. Qc1 Rf4 30. Rxe5 Qxe5 31. Nxf4 Rxf4 32. Re1 Qf6 33. Qe3 Rc4 34.
Qe8+ Kg7 35. Qe7+ Qf7 36. Qe5+ Qf6 37. Qc7+ Kh6 38. Re7 Qxc3 39. Rxh7+ Kg5 40.
h4+ Rxh4 41. Qe7+ Kf5 42. Rxh4 1-0

[Event "7. Lichtenberger Sommer"]
[Site "Berlin"]
[Date "2008.08.17"]
[Round "2.20"]
[White "Tiemer, Klaus"]
[Black "Schatz, Dieter"]
[Result "0-1"]
[WhiteElo "1906"]
[BlackElo "2216"]
[PlyCount "114"]
[EventDate "2008.??.??"]
[WhiteTeam "TSG Oberschöneweide e.V."]
[BlackTeam "SK Landau"]

1. d4 d5 2. Nf3 Nf6 3. c4 dxc4 4. e3 e6 5. Bxc4 a6 6. O-O b5 7. Bd3 c5 8. Nc3
c4 9. Bb1 Bb7 10. Qe2 Nbd7 11. e4 b4 12. Na4 Rc8 13. e5 Nd5 14. Ng5 Be7 15. Ne4
N5b6 16. Nac5 Nxc5 17. dxc5 Bxc5 18. Rd1 Nd5 19. Qg4 Bf8 20. Bg5 Qc7 21. Nd6+
Bxd6 22. exd6 Qxd6 23. Be4 O-O 24. Qh4 f5 25. Bxd5 Bxd5 26. Be7 Qc6 27. Bxb4
Rf6 28. Bc3 Rg6 29. g3 Rf8 30. Qf4 Bh1 31. Kf1 Qg2+ 32. Ke2 Rg4 33. Qd6 Qf3+
34. Kd2 Qxf2+ 35. Kc1 Qe3+ 36. Bd2 Qe4 37. Bb4 Ra8 38. Re1 Qd5 39. Qxe6+ Qxe6
40. Rxe6 Re4 41. Rxe4 Bxe4 42. Kd2 Kf7 43. Ke3 Re8 44. Kf2 g5 45. Rd1 Kg6 46.
Re1 f4 47. Bc3 Kf5 48. gxf4 gxf4 49. Rg1 Re6 50. a3 Rh6 51. Rg8 Rxh2+ 52. Kg1
Rc2 53. Rf8+ Kg4 54. Be5 Bf5 55. Rg8+ Kf3 56. Rf8 Kg3 57. Rg8+ Bg4 0-1

[Event "7. Lichtenberger Sommer"]
[Site "Berlin"]
[Date "2008.08.17"]
[Round "2.21"]
[White "Kollberg, Lothar"]
[Black "Pichler, Klaus"]
[Result "1-0"]
[WhiteElo "2253"]
[BlackElo "1871"]
[PlyCount "63"]
[EventDate "2008.??.??"]
[WhiteTeam "SC Rotation Pankow e.V."]

1. d4 Nf6 2. c4 e5 3. dxe5 Ng4 4. Bf4 Nc6 5. Nf3 Bb4+ 6. Nc3 Bxc3+ 7. bxc3 Qe7
8. Qd5 f6 9. exf6 Nxf6 10. Qd3 d6 11. g3 O-O 12. Bg2 Bg4 13. O-O Rae8 14. Rae1
b6 15. Nd4 Ne5 16. Bxe5 Qxe5 17. e4 Qh5 18. f3 Bd7 19. Nc2 Re5 20. Ne3 Ra5 21.
Rf2 Qc5 22. Qd4 Be6 23. Bf1 Nd7 24. Rb1 Ne5 25. f4 Nd7 26. Rb5 Qa3 27. Rxa5
Qxa5 28. Nd5 Bxd5 29. cxd5 Nf6 30. Bh3 Qc5 31. Be6+ Kh8 32. e5 1-0

[Event "7. Lichtenberger Sommer"]
[Site "?"]
[Date "2008.08.17"]
[Round "2.22"]
[White "Muskewitz, Bernd"]
[Black "Novkovic, Julia"]
[Result "0-1"]
[WhiteElo "2030"]
[BlackElo "2125"]
[PlyCount "58"]
[EventDate "2008.??.??"]

1. d4 Nf6 2. c4 g6 3. g3 Bg7 4. Bg2 c5 5. d5 d6 6. Nc3 Na6 7. e4 Nc7 8. Nge2
Bd7 9. O-O Qc8 10. Qc2 b5 11. cxb5 Nxb5 12. Nxb5 Bxb5 13. Re1 O-O 14. Nc3 Bd7
15. f3 Ne8 16. Be3 Nc7 17. Rab1 a5 18. Qd2 Rb8 19. b3 Rb4 20. Ne2 Qa8 21. a3
Rb7 22. Bh6 Bxh6 23. Qxh6 Nb5 24. Ra1 Rfb8 25. Qe3 Nc7 26. Reb1 a4 27. Nc1 axb3
28. Nxb3 Qa4 29. Nd2 Rxb1+ 0-1

[Event "7. Lichtenberger Sommer"]
[Site "?"]
[Date "2008.08.17"]
[Round "2.23"]
[White "Pueschel, Werner"]
[Black "Lichey, Dustin"]
[Result "1-0"]
[WhiteElo "2185"]
[BlackElo "1860"]
[PlyCount "115"]
[EventDate "2008.??.??"]

1. a3 e5 2. d4 exd4 3. Qxd4 Nc6 4. Qd3 d5 5. Nf3 Nf6 6. Bf4 Bd6 7. Bxd6 Qxd6 8.
Nc3 O-O 9. e3 Ne5 10. Nxe5 Qxe5 11. O-O-O Be6 12. f4 Qh5 13. h3 c6 14. Be2 Qg6
15. g4 Qxd3 16. Bxd3 b5 17. g5 Nh5 18. Rhg1 d4 19. f5 dxc3 20. fxe6 cxb2+ 21.
Kxb2 fxe6 22. Be4 b4 23. axb4 Rab8 24. Kc3 Rfc8 25. Kc4 g6 26. Rd7 a5 27. bxa5
Rb5 28. a6 Ra5 29. a7 Ra8 30. Bxc6 R8xa7 31. Rxa7 Rxa7 32. Kd4 Ng7 33. e4 Ra2
34. Kd3 Ra3+ 35. c3 Ra6 36. Bb5 Rd6+ 37. Ke3 Rb6 38. c4 e5 39. Rd1 Ne6 40. h4
Nd4 41. Kf2 Kf8 42. Ra1 Nxb5 43. Rb1 Ke7 44. cxb5 Kd6 45. Rd1+ Kc7 46. Rd5 Re6
47. Ke3 Kb6 48. Kd3 Re7 49. Kc4 Rc7+ 50. Kb4 Re7 51. Rd6+ Kb7 52. Kc4 Rc7+ 53.
Kd5 Re7 54. Re6 Rc7 55. b6 Rc2 56. Kxe5 Rh2 57. Re7+ Kxb6 58. Rxh7 1-0

[Event "7. Lichtenberger Sommer"]
[Site "Berlin"]
[Date "2008.08.17"]
[Round "2.24"]
[White "Schueler, Wolfgang"]
[Black "Amelang, Thomas"]
[Result "1/2-1/2"]
[WhiteElo "2061"]
[BlackElo "2176"]
[PlyCount "70"]
[EventDate "2008.??.??"]
[WhiteTeam "SC Friesen Lichtenberg e.V."]
[BlackTeam "SK Siemens München"]

1. e4 g6 2. d4 Bg7 3. f4 c5 4. Nf3 cxd4 5. Nxd4 Qb6 6. c3 Nc6 7. Nxc6 bxc6 8.
Bd3 d6 9. Qe2 Nf6 10. Be3 Bg4 11. Qf2 c5 12. f5 gxf5 13. exf5 e6 14. Na3 Bxf5
15. Bxf5 exf5 16. O-O O-O 17. Nc4 Qa6 18. b3 d5 19. Qxf5 dxc4 20. Bxc5 Rfe8 21.
Bd4 Re6 22. Rf3 Rd8 23. Raf1 Rd5 24. Qc2 Rg5 25. Qd2 Rg6 26. bxc4 Qxc4 27. Bxa7
Qc7 28. Bd4 Qd6 29. Qb2 Rg4 30. Qb7 h5 31. Qc8+ Kh7 32. a4 Re2 33. g3 Re6 34.
Qb7 Kg6 35. Qb1+ Rge4 1/2-1/2

[Event "7. Lichtenberger Sommer"]
[Site "Berlin"]
[Date "2008.08.17"]
[Round "2.25"]
[White "Skibbe, Willi"]
[Black "Dreke, Frank"]
[Result "1-0"]
[WhiteElo "2183"]
[BlackElo "2037"]
[PlyCount "77"]
[EventDate "2008.??.??"]
[WhiteTeam "SV 1861 Liebschwitz"]
[BlackTeam "Treptower SV 1949 e.V."]

1. d4 Nf6 2. Nf3 e6 3. Bf4 b6 4. Nbd2 Bb7 5. e3 Be7 6. h3 O-O 7. Bd3 d5 8. Ne5
c5 9. c3 Nbd7 10. Qf3 Qc8 11. h4 Ne8 12. Rh3 f5 13. h5 Nxe5 14. Bxe5 Nf6 15.
Qg3 Rf7 16. f3 Qd7 17. Qf4 Rd8 18. Bc2 Bc6 19. a4 a5 20. Nf1 Rc8 21. Ng3 cxd4
22. exd4 Ne8 23. Ne2 Nd6 24. b3 Ne8 25. Qe3 Bd6 26. Kd2 Bxe5 27. Qxe5 Qd6 28.
Qxd6 Nxd6 29. Nf4 Re7 30. Re1 Rce8 31. Nd3 g6 32. hxg6 hxg6 33. Ne5 Bb7 34.
Reh1 Nf7 35. Nxg6 Rc7 36. Rg3 Kg7 37. Nf4+ Kf6 38. Rg6+ Ke7 39. Nxe6 1-0

[Event "7. Lichtenberger Sommer"]
[Site "?"]
[Date "2008.08.17"]
[Round "2.26"]
[White "Merz, Ruediger"]
[Black "Schnitzer, Peter"]
[Result "0-1"]
[WhiteElo "1900"]
[BlackElo "2175"]
[PlyCount "58"]
[EventDate "2008.??.??"]

1. e4 c5 2. Nf3 d6 3. d4 cxd4 4. Nxd4 Nf6 5. f3 e5 6. Bb5+ Nbd7 7. Nf5 d5 8.
exd5 a6 9. Bxd7+ Qxd7 10. Ne3 b5 11. c4 Bc5 12. Nc3 Bb7 13. b3 Rc8 14. Qd3 O-O
15. Ne4 Nxe4 16. fxe4 bxc4 17. bxc4 Qc7 18. Nf5 Bb4+ 19. Bd2 Bxd2+ 20. Kxd2 g6
21. Ne3 f5 22. Rhc1 fxe4 23. Qxe4 Rf2+ 24. Ke1 Rcf8 25. Nd1 Qa5+ 26. Nc3 Bc8
27. Qxe5 Qc5 28. Ne2 Bg4 29. Ng3 Rxg2 0-1